Validez de constructo y fiabilidad del «Cuestionario de ansiedad social para adultos» (CASO) en Colombia (Record no. 184559)

MARC details
000 -CABECERA
campo de control de longitud fija 02329nab a2200289 a 4500
005 - FECHA Y HORA DE LA ÚLTIMA TRANSACCIÓN
campo de control 20210223133018.0
008 - ELEMENTOS DE LONGITUD FIJA--INFORMACIÓN GENERAL
campo de control de longitud fija 991125s1985 mx 000 0 spa u
035 ## - NÚMERO DE CONTROL DEL SISTEMA
Número de control de sistema UPN01000212459
049 ## - COLECCIÓN
Colección ART
100 1# - ASIENTO PRINCIPAL--NOMBRE PERSONAL
Nombre de persona Salazar, Isabel C
100 1# - ASIENTO PRINCIPAL--NOMBRE PERSONAL
Filiación salazar_isabel@hotmail.com
100 1# - ASIENTO PRINCIPAL--NOMBRE PERSONAL
Nombre de persona Caballo, Vicente E.
9 (RLIN) 36287
100 1# - ASIENTO PRINCIPAL--NOMBRE PERSONAL
Nombre de persona Arias, Benito
222 #0 - TÍTULO CLAVE
Título clave REVISTA LATINOAMERICANA DE PSICOLOGIA
245 00 - MENCIÓN DE TÍTULO
Título Validez de constructo y fiabilidad del «Cuestionario de ansiedad social para adultos» (CASO) en Colombia
260 ## - PUBLICACIÓN, DISTRIBUCIÓN, ETC.
Lugar de publicación, distribución, etc. Bogotá, Colombia
300 ## - DESCRIPCIÓN FÍSICA
Extensión 98-107
362 0# - FECHAS DE PUBLICACIÓN Y/O DESIGNACIÓN SECUENCIAL
Fecha de publicación y/o designación secuencial 2016 Volumen 48, número 2, mayo-agosto
520 3# - NOTA DE RESUMEN, ETC.
Sumario, etc. El «Cuestionario de ansiedad social para adultos» (CASO) es una medida de autoinforme desarrollada para los países de habla española y portuguesa. El objetivo de este estudio fue analizar la validez de constructo y la fiabilidad del CASO en Colombia. Participaron 5477 personas de la población general contestando el CASO y la «Escala de ansiedad social de Liebowitz-versión de autoinforme» (LSAS-SR). El análisis paralelo y el análisis factorial exploratorio del CASO arrojaron una solución de cinco factores (hablar en público/interacción con personas de autoridad; quedar en evidencia o en ridículo; expresión asertiva de molestia, desagrado o enfado; interacción con el sexo opuesto e interacción con desconocidos), que explicaban el 53.44% de la varianza. El análisis factorial confirmatorio mostró que el modelo de cinco factores correlacionados era el modelo con mejor ajuste. Las correlaciones entre la puntuación total del CASO y las subescalas y la puntuación total de la LSAS-SR fueron de moderadas a altas (0.53≤ r ≤0.64). La fiabilidad y la consistencia interna de la puntuación total del CASO fueron de 0.91 y 0.93, respectivamente, y para las dimensiones estuvieron entre 0.74 y 0.84. Estos resultados permiten concluir que el CASO es una medida válida y fiable para medir la ansiedad social en la población colombiana
653 0# - TERMINO DE INDIZACION - NO CONTROLADO
Término no controlado ANSIEDAD SOCIAL
653 0# - TERMINO DE INDIZACION - NO CONTROLADO
Término no controlado VALIDEZ
653 0# - TERMINO DE INDIZACION - NO CONTROLADO
Término no controlado FIABILIDAD
653 0# - TERMINO DE INDIZACION - NO CONTROLADO
Término no controlado COLOMBIA
856 4# - LOCALIZACIÓN Y ACCESO ELECTRÓNICOS
Identificador Uniforme del Recurso <a href="http://www.redalyc.org/articulo.oa?id=80544784003">http://www.redalyc.org/articulo.oa?id=80544784003</a>
856 4# - LOCALIZACIÓN Y ACCESO ELECTRÓNICOS
Nombre del host http://www.scielo.org.co/scielo.php?script=sci_arttext&pid=S0120-05342016000200003&lng=es&nrm=iso&tlng=es
905 ## - TIPO DE MATERIAL
Tipo de material Articulo

No items available.